Central Library OPAC University of Rajshahi

The Gupta Empire / (Record no. 27903)

MARC details
000 -LEADER
fixed length control field 00705nam a22002651 4500
001 - CONTROL NUMBER
control field 27903
003 - CONTROL NUMBER IDENTIFIER
rucl marc code BD-RjUL
005 - DATE AND TIME OF LATEST TRANSACTION
control field 20211209051221.0
008 - FIXED-LENGTH DATA ELEMENTS--GENERAL INFORMATION
fixed length control field 140327s1959 ii a 001 0 eng
035 ## - SYSTEM CONTROL NUMBER
System control number (BD-RjUL)27984
System control number (OCoLC)10312700
040 ## - CATALOGING SOURCE
Original cataloging agency DLC
Transcribing agency NdU
Modifying agency DLC
Language of cataloging eng
041 ## - LANGUAGE CODE
Language code of text/sound track or separate title eng
082 ## - DEWEY DECIMAL CLASSIFICATION NUMBER
Classification number 954
Author mark and year MOG 1959
100 1# - MAIN ENTRY--PERSONAL NAME
Personal name Mookerji, Radhakumud,
Dates associated with a name 1884-1964.
9 (RLIN) 18050
245 14 - TITLE STATEMENT
Title The Gupta Empire /
Statement of responsibility, etc. Radha kumud Mookerji.
250 ## - EDITION STATEMENT
Edition statement 3d ed. rev.
260 ## - PUBLICATION, DISTRIBUTION, ETC. (IMPRINT)
Place of publication, distribution, etc. Bombay :
Name of publisher, distributor, etc. Hind Kitabs,
Date of publication, distribution, etc. 1959.
300 ## - PHYSICAL DESCRIPTION
Pagination 174 p. :
Illustrations ill. ;
Size 26 cm.
504 ## - BIBLIOGRAPHY, ETC. NOTE
Bibliography, etc Includes index.
600 30 - SUBJECT ADDED ENTRY--PERSONAL NAME
Personal name Gupta dynasty.
942 ## - ADDED ENTRY ELEMENTS (KOHA)
Source of classification or shelving scheme Dewey Decimal Classification
Koha item type Books
Holdings
Lost status Source of classification or shelving scheme Damaged status Not for loan Collection code Permanent Location Current Location Shelving location Date acquired Source of acquisition Cost, normal purchase price Total Checkouts Full call number Date last seen Copy number Koha item type
  Dewey Decimal Classification     Non-fiction Central Library, University of Rajshahi Central Library, University of Rajshahi   17/05/1964 KL Mukp. 10.50   954 MOG 1959 27/03/2014 C-2 Books
  Dewey Decimal Classification     Non-fiction Central Library, University of Rajshahi Central Library, University of Rajshahi   17/05/1964 KL Mukp. 10.50   954 MOG 1959 27/03/2014 C-3 Books
  Dewey Decimal Classification   Added to bundle Non-fiction Central Library, University of Rajshahi Central Library, University of Rajshahi Reading Room 17/05/1964 KL Mukp. 10.50   954 MOG 1959 27/03/2014 C-1 Books